| 000 | 01114nam0a22003011 4500 | ||
|---|---|---|---|
| 001 | rc\4136058 | ||
| 005 | 20250611003243.0 | ||
| 021 |
_aRU _b81-Кр-40/39 |
||
| 035 | _a(NLR Aleph) 007987060 | ||
| 090 |
_a8555646 _c8555646 |
||
| 100 | _a20130415d1952 |||y0rusy50 ca | ||
| 101 | 0 | _arus | |
| 102 | _aRU | ||
| 105 | _aa z ||||| | ||
| 200 | 1 | _aНекоторые изобразительные сюжеты на памятниках искусства Древнего Согда | |
| 210 |
_a[Сталинабад] _cБ. и. _d[1952] |
||
| 215 |
_a53-64 с. _cил. _d26 |
||
| 300 | _aС помет. | ||
| 300 | _aЭкз. РНБ (КрII/1561): дарств. надпись | ||
| 300 | _aОтд. отт. из: "Изв. Отд-ния обществ. наук, вып. 2, 1952 г." | ||
| 300 | _aБез тит. л. и обл. | ||
| 700 | 1 |
_4070 _7ca _8rus _aПугаченкова _bГ. А. _f1915-2007 _gГалина Анатольевна _9268024 _3RU\NLR\AUTH\770268080 |
|
| 801 | 0 |
_aRU _bNLR _gpsbo |
|
| 801 | 1 |
_aRU _bELAR _2rusmarc |
|
| 852 |
_aNLR _jКрII/1561 |
||
| 942 | _cBOOK | ||
| 980 | _aNB | ||